| 000 | 00697nam a2200229Ia 4500 | ||
|---|---|---|---|
| 003 | OSt | ||
| 005 | 20230516114536.0 | ||
| 008 | 210423s2014 xx 000 0 und d | ||
| 020 | _a978-0-19-569233-4 | ||
| 040 | _cAL | ||
| 041 | _aeng | ||
| 082 | _a338.9 FUKH | ||
| 100 |
_aFUKUNDA-PARR (Sakiko);KUMAR (Shiva A K) _9105109 |
||
| 245 | _aHandbook of human development: concepts measures and policies | ||
| 260 |
_aNew Delhi _bOxford University Press _c2014 |
||
| 300 |
_axxxi,517 _bHB |
||
| 365 |
_b1395 _cINR |
||
| 650 |
_aEconomics _9105110 |
||
| 650 |
_aEconomics of Development _9105111 |
||
| 906 | _aconcepts ; development: ; Handbook ; human ; measures ; policies | ||
| 942 |
_2ddc _cBK |
||
| 999 |
_c166316 _d166316 |
||